| 000 | 00778nab a2200241 a 4500 | ||
|---|---|---|---|
| 001 | 66803 | ||
| 003 | 139696 | ||
| 005 | 20201118110345.0 | ||
| 008 | ||||||n9999 ||| || || | ||
| 041 | _aita | ||
| 100 | _aFattore, Giovanni | ||
| 245 | 0 |
_aLa riforma del sistema sanitario svedese e il modello di offerta dei servizi della citta di Stoccolma : _bpp.229-287 |
|
| 260 |
_aItalia : _bEdizioniGiuriche Economiche Aziendalidell'Universita Bocconi e Giuffre Editori, _c1996. |
||
| 300 | _app.229-287 | ||
| 562 | _e0 | ||
| 650 | _aESTUDIO COMPARADO | ||
| 650 | _aFINANCIAMIENTO | ||
| 650 | _aREFORMAS ADMINISTRATIVAS | ||
| 650 | _aSISTEMA DE SALUD | ||
| 650 | _aSUECIA | ||
| 773 |
_060022 _aStrategie e gestione deile reti di aziende sanitarie |
||
| 942 | _cANADO | ||
| 999 |
_c66803 _d66803 |
||